<?xml version="1.0" encoding="UTF-8"?><?xml-stylesheet type="text/xsl" href="static/style.xsl"?><OAI-PMH xmlns="http://www.openarchives.org/OAI/2.0/" xmlns:xsi="http://www.w3.org/2001/XMLSchema-instance" xsi:schemaLocation="http://www.openarchives.org/OAI/2.0/ http://www.openarchives.org/OAI/2.0/OAI-PMH.xsd"><responseDate>2026-06-06T18:08:04Z</responseDate><request verb="GetRecord" identifier="oai:riuma.uma.es:10630/18506" metadataPrefix="marc">https://riuma.uma.es/rest/oai/request</request><GetRecord><record><header><identifier>oai:riuma.uma.es:10630/18506</identifier><datestamp>2026-02-03T12:11:35Z</datestamp><setSpec>com_10630_2254</setSpec><setSpec>col_10630_37959</setSpec></header><metadata><record xmlns="http://www.loc.gov/MARC21/slim" xmlns:dcterms="http://purl.org/dc/terms/" xmlns:doc="http://www.lyncode.com/xoai" xmlns:xsi="http://www.w3.org/2001/XMLSchema-instance" xsi:schemaLocation="http://www.loc.gov/MARC21/slim http://www.loc.gov/standards/marcxml/schema/MARC21slim.xsd">
   <leader>00925njm 22002777a 4500</leader>
   <datafield ind2=" " ind1=" " tag="042">
      <subfield code="a">dc</subfield>
   </datafield>
   <datafield ind2=" " ind1=" " tag="720">
      <subfield code="a">Anaya-Sánchez, Rafael</subfield>
      <subfield code="e">author</subfield>
   </datafield>
   <datafield ind2=" " ind1=" " tag="720">
      <subfield code="a">Baena Reyes, Carmen María</subfield>
      <subfield code="e">author</subfield>
   </datafield>
   <datafield ind2=" " ind1=" " tag="720">
      <subfield code="a">Aguilar-Illescas, Rocío</subfield>
      <subfield code="e">author</subfield>
   </datafield>
   <datafield ind2=" " ind1=" " tag="720">
      <subfield code="a">Rojas-de-Gracia, María Mercedes</subfield>
      <subfield code="e">author</subfield>
   </datafield>
   <datafield ind2=" " ind1=" " tag="260">
      <subfield code="c">2019-10-01</subfield>
   </datafield>
   <datafield ind2=" " ind1=" " tag="520">
      <subfield code="a">Las webs comparadoras de precios han modificado el comportamiento del consumidor de moda, siendo clave en la elección del producto. En este sentido, la evaluación que realiza el consumidor sobre ellas marca sus actitudes hacia la compra. En caso de ser positiva, se demuestra que la satisfacción y la lealtad se ven aumentadas, permitiendo el éxito de la web. Por ello, este trabajo analiza cómo la un diseño accesible, navegable y que facilite la transacción favorecen una evaluación positiva, llevando al consumidor a estar satisfecho, y así percibir mayores beneficios, confiar y ser leal. A partir de una muestra de 141 usuarios habituales de webs comparadores de precios se han obtenido unos resultados, mediante la técnica de PLS (SmartPLS 3.1), que permiten extender al sector de la moda las conclusiones obtenidas en otros ámbitos, destacando la importancia del diseño web en la mejora de las actitudes del consumidor de moda.</subfield>
   </datafield>
   <datafield ind1="8" ind2=" " tag="024">
      <subfield code="a">https://hdl.handle.net/10630/18506</subfield>
   </datafield>
   <datafield tag="653" ind2=" " ind1=" ">
      <subfield code="a">Páginas web</subfield>
   </datafield>
   <datafield tag="653" ind2=" " ind1=" ">
      <subfield code="a">Moda - Comercialización</subfield>
   </datafield>
   <datafield tag="653" ind2=" " ind1=" ">
      <subfield code="a">Marketing</subfield>
   </datafield>
   <datafield tag="653" ind2=" " ind1=" ">
      <subfield code="a">Satisfacción al cliente</subfield>
   </datafield>
   <datafield ind2="0" ind1="0" tag="245">
      <subfield code="a">Antecedentes y consecuentes de la satisfacción online: el caso de las webs comparadoras de precios de moda.</subfield>
   </datafield>
</record>
</metadata></record></GetRecord></OAI-PMH>